00541nam a22001812 4500001001100000005001700011008004100028020001700069040001500086100004000101245008100141250001300222260004000235300001700275650003400292700003000326852000300356000002436820151217152300.0130909s xx 000 0 eng d a1420067309 : aKABUcKABU1 aGarbacz Bader, Donna M.@000018439110aForensic nursing :ba concise manual /cDonna M. Garbacz Bader, Sue Gabriel. a1st ed. aBoca Raton, FL :bCRC Press,c2010. axix, 441 p. 0aForensic nursing.@00001843661 aGabriel, Sue.@00001843921